Normal view
MARC view
- Abdul Rehman Khan Azmat Hussain Danyal Shakir Usama Ali
Entry Personal Name
001 - CONTROL NUMBER
- control field: 100938
003 - CONTROL NUMBER IDENTIFIER
- control field: NUST
005 - DATE AND TIME OF LATEST TRANSACTION
- control field: 20221020105346.0
008 - FIXED-LENGTH DATA ELEMENTS
- fixed length control field: 221020|| aca||aabn | a|a d
040 ## - CATALOGING SOURCE
- Original cataloging agency: NUST
- Transcribing agency: NUST
100 ## - HEADING--PERSONAL NAME
- Personal name: Abdul Rehman Khan Azmat Hussain Danyal Shakir Usama Ali
670 ## - SOURCE DATA FOUND
- Source citation: Work cat.: (NUST): Abdul Rehman Khan Azmat Hussain Danyal Shakir Usama Ali , PR-SOF-2166-Design & Fabrication of All-Terrain 6WD Robot, 2022.
